000 00437nam a2200157 i 4500
001 23830
003 ES-MaACL
005 20230906152937.0
007 t|
008 021212s1976 sp ||||1| spa d
100 1 _aAndioc, René.
_921492
245 1 0 _aTeatro y sociedad en el Madrid del siglo XVIII /
_cRené Andioc.
260 _a[Valencia] :
_bCastalia,
_c[1976]
300 _a571 p. ;
_c19 cm.
852 _aES-MaACL
_jA-6384
_bR.95503
999 _c23830
_d23830